Japanese Mythology #1 - Statistics

General Stats
  • This quiz has been taken 6 times
  • The average score is 6 of 15
Answer Stats
Hint Answer % Correct
Goddess of the sun. In the Kokiji, she was born after her father cleaned his left eye Amaterasu
100%
"Impetuous" God of storms and occasionally seas Susanoo
83%
Father of the Japanese islands, so to speak Izanagi
67%
Mother of the Japanese islands Izanami
67%
Eight-headed serpent killed by the above to save the one who would become his future wife Yamato no Orochi
67%
God of the wind, typically depicted as an oni Fuujin (Kaze-no-kami)
33%
God of war and divine protector of Japan Hachiman
33%
God of thunder and lighting, also usually an oni Raijin
33%
Land of the dead Yomi
33%
Goddess of dawn and revelry, drew the goddess of the sun out of her cave Ame-no-Uzume
17%
God of the moon and brother of the above Tsukiyomi
17%
Kami of fire, killed above during childbirth by burning her Kaga-tsuchi
0%
Said wife, eighth in line to be eaten by above Kushinadahime
0%
Deity of wisdom and intelligence Omoikane
0%
God of the sea, usually a dragon Ryuujin
0%
No matching quizzes found
Score Distribution
Percent of People with Each Score
Percentile by Number Answered
Your Score History
You have not taken this quiz